[Event "Titled Tuesday intern op 02nd Apr Early"]
[Site "Chess.com INT"]
[Date "2024.04.02"]
[Round "1"]
[White "Domingo Nunez, Alejandro"]
[Black "Li, Xueyi"]
[Result "0-1"]
[WhiteElo "2318"]
[BlackElo "2210"]
[PlyCount "100"]
[EventDate "2024.04.02"]
[EventType "swiss (blitz)"]
[EventRounds "11"]
[EventCountry "USA"]
[SourceTitle "CB15_2024"]
[SourceDate "2024.04.10"]
[SourceVersion "1"]
[SourceVersionDate "2024.04.10"]
[SourceQuality "1"]

1. Nf3 d5 2. g3 Nd7 3. d4 c6 4. Bg2 Nb6 5. Nh4 g6 6. 0-0 Bg7 7. b3 e5 8. Bb2 e4 9. c4 g5 10. c5 gxh4 11. cxb6 axb6 12. f3 hxg3 13. fxe4 gxh2+ 14. Kh1 dxe4 15. e3 Nf6 16. Nd2 Bg4 17. Qe1 0-0 18. Qg3 Be6 19. Rf4 Kh8 20. Rh4 Bd5 21. Rf1 h6 22. Qxh2 Ng8 23. Nc4 Rxa2 24. Ra1 Rxa1+ 25. Bxa1 Qa8 26. Qg1 Bxc4 27. bxc4 f5 28. Bc3 Qa3 29. Be1 Qc1 30. Rf4 Bxd4 31. Rf1 Bxe3 32. Qh2 Qb2 33. Bg3 Bd4 34. Bf4 Bg7 35. Bh3 Qxh2+ 36. Kxh2 Ne7 37. Bd6 Re8 38. Kg2 Ng6 39. Kf2 f4 40. Bf5 e3+ 41. Ke2 f3+ 42. Rxf3 Nh4 43. Rf4 Nxf5 44. Rxf5 c5 45. Bc7 Bd4 46. Bxb6 Ra8 47. Bxc5 Ra2+ 48. Kf3 Rf2+ 49. Ke4 Bxc5 50. Rxc5 e2 0-1

[Event "Titled Tuesday intern op 02nd Apr Early"]
[Site "Chess.com INT"]
[Date "2024.04.02"]
[Round "2"]
[White "Li, Xueyi"]
[Black "Manukyan, Sargis A"]
[Result "1/2-1/2"]
[WhiteElo "2210"]
[BlackElo "2216"]
[PlyCount "148"]
[EventDate "2024.04.02"]
[EventType "swiss (blitz)"]
[EventRounds "11"]
[EventCountry "USA"]
[SourceTitle "CB15_2024"]
[SourceDate "2024.04.10"]
[SourceVersion "1"]
[SourceVersionDate "2024.04.10"]
[SourceQuality "1"]

1. d4 d5 2. c4 e6 3. Nf3 Nf6 4. g3 Be7 5. Bg2 0-0 6. 0-0 dxc4 7. Qc2 a6 8. a4 c5 9. dxc5 Bxc5 10. Qxc4 Nbd7 11. Nc3 b5 12. Qh4 b4 13. Ne4 Be7 14. Bg5 Bb7 15. Nxf6+ Nxf6 16. Bxf6 Bxf6 17. Qxb4 Bxf3 18. Bxf3 Rb8 19. Qc4 Bxb2 20. Rad1 Qb6 21. Qa2 Bf6 22. a5 Qc5 23. Rc1 Qe5 24. Rc6 Rb2 25. Qc4 Rb5 26. Rxa6 Rxa5 27. Rxa5 Qxa5 28. h4 Qe5 29. Qe4 Qd6 30. Qc6 Qd4 31. Qe4 Qd6 32. Qc6 Qb8 33. Qb7 Qd8 34. Rc1 g6 35. Qc7 Qd4 36. Qc4 Qd6 37. Qc6 Qd2 38. Qc2 Qb4 39. Qc4 Qa3 40. Rb1 h5 41. Qb3 Qxb3 42. Rxb3 Rd8 43. Kg2 Rc8 44. Ra3 Rc2 45. Ra8+ Kg7 46. Ra7 Rb2 47. Rb7 Ra2 48. Rd7 Ra4 49. Rb7 Be5 50. Bc6 Rc4 51. Be8 Bc7 52. Bb5 Rc5 53. Bd3 f5 54. Rb5 Rc6 55. Rb7 Kf6 56. Ra7 e5 57. Ra6 Bb6 58. Bb5 Rd6 59. e3 e4 60. Bf1 Ke5 61. Bb5 Kd5 62. Be8 Kc5 63. Ra8 Kd5 64. Bf7+ Ke5 65. Rg8 Rd2 66. Kf1 Rd1+ 67. Ke2 Ra1 68. Rxg6 Ba5 69. f4+ exf3+ 70. Kxf3 Rf1+ 71. Ke2 Re1+ 72. Kf3 Rf1+ 73. Ke2 Re1+ 74. Kf3 Rf1+ 1/2-1/2

[Event "CHN-chT Div A Finals"]
[Site "Nanjing"]
[Date "2023.12.10"]
[Round "8.5"]
[White "Li, Xueyi"]
[Black "Zhai, Mo"]
[Result "0-1"]
[WhiteElo "2245"]
[BlackElo "2339"]
[PlyCount "82"]
[EventDate "2023.12.02"]
[EventType "team-tourn"]
[EventRounds "10"]
[EventCountry "CHN"]
[SourceTitle "CB50_2023"]
[SourceDate "2023.12.13"]
[SourceVersion "1"]
[SourceVersionDate "2023.12.13"]
[SourceQuality "1"]
[WhiteTeam "Shenzhen Pengcheng"]
[BlackTeam "Hangzhou Bank"]
[WhiteTeamCountry "CHN"]
[BlackTeamCountry "CHN"]

1. d4 Nf6 2. Nf3 d5 3. g3 Bf5 4. Bg2 e6 5. c4 c6 6. Nc3 h6 7. 0-0 Be7 8. Qb3 Qb6 9. Nd2 0-0 10. c5 Qxb3 11. Nxb3 b6 12. Bf4 Nbd7 13. cxb6 axb6 14. Rfc1 g5 15. Bd2 Rfc8 16. a4 c5 17. Be1 Bg6 18. Nb5 Kg7 19. Bc3 cxd4 20. N5xd4 e5 21. Nb5 Rc4 22. a5 bxa5 23. Rxa5 Rb8 24. Na3 Rcc8 25. Bxd5 Bxa3 26. bxa3 Nxd5 27. Bxe5+ Nxe5 28. Rxc8 Rxc8 29. Rxd5 Rc3 30. Rxe5 Rxb3 31. Ra5 g4 32. h3 Rb1+ 33. Kh2 Be4 34. f3 gxf3 35. exf3 Rb2+ 36. Kg1 Bxf3 37. g4 Rg2+ 38. Kf1 Rg3 39. Rh5 Be4 40. a4 Bg6 41. Kf2 Ra3 0-1

[Event "CHN-chT Div A Finals"]
[Site "Nanjing"]
[Date "2023.12.05"]
[Round "4.5"]
[White "Zhang, Xiaowen"]
[Black "Li, Xueyi"]
[Result "1-0"]
[WhiteElo "2261"]
[BlackElo "2245"]
[PlyCount "83"]
[EventDate "2023.12.02"]
[EventType "team-tourn"]
[EventRounds "10"]
[EventCountry "CHN"]
[SourceTitle "CB50_2023"]
[SourceDate "2023.12.13"]
[SourceVersion "1"]
[SourceVersionDate "2023.12.13"]
[SourceQuality "1"]
[WhiteTeam "Tianjin"]
[BlackTeam "Shenzhen Pengcheng"]
[WhiteTeamCountry "CHN"]
[BlackTeamCountry "CHN"]

1. e4 c6 2. Nf3 d5 3. Nc3 dxe4 4. Nxe4 Nf6 5. Qe2 Nxe4 6. Qxe4 Nd7 7. Bc4 Nf6 8. Ne5 e6 9. Qe2 b5 10. Bb3 Qc7 11. d4 a6 12. Bf4 Bd6 13. 0-0 0-0 14. Rad1 Bb7 15. Bg3 c5 16. dxc5 Bxc5 17. c3 Rad8 18. Bc2 Ba8 19. Ng4 Qc6 20. Nxf6+ gxf6 21. Qg4+ Kh8 22. Qh3 f5 23. Be5+ f6 24. Bxf6+ Rxf6 25. Rxd8+ Kg7 26. Rfd1 Rg6 27. Rxa8 Qxa8 28. Rd7+ Kf6 29. Kf1 Qc6 30. Rxh7 Bb6 31. Qh4+ Ke5 32. f4+ Kd5 33. Bb3+ Ke4 34. Bc2+ Kd5 35. Bb3+ Ke4 36. Rh5 Qc5 37. Qe1+ Qe3 38. Qxe3+ Bxe3 39. g3 Bc1 40. Ke2 Bxb2 41. Rh7 e5 42. Rd7 1-0

[Event "CHN-chT Div A Finals"]
[Site "Nanjing"]
[Date "2023.12.04"]
[Round "3.10"]
[White "Li, Xueyi"]
[Black "Zhang, Xiaowen"]
[Result "1/2-1/2"]
[WhiteElo "2245"]
[BlackElo "2261"]
[PlyCount "74"]
[EventDate "2023.12.02"]
[EventType "team-tourn"]
[EventRounds "10"]
[EventCountry "CHN"]
[SourceTitle "CB50_2023"]
[SourceDate "2023.12.13"]
[SourceVersion "1"]
[SourceVersionDate "2023.12.13"]
[SourceQuality "1"]
[WhiteTeam "Shenzhen Pengcheng"]
[BlackTeam "Tianjin"]
[WhiteTeamCountry "CHN"]
[BlackTeamCountry "CHN"]

1. d4 d5 2. Nf3 Nf6 3. c4 e6 4. g3 Be7 5. Bg2 0-0 6. 0-0 a5 7. Nc3 c6 8. Nd2 b5 9. cxb5 cxb5 10. Nxb5 Qb6 11. a4 Nc6 12. Nb1 Ba6 13. N1c3 Na7 14. Qd3 Rfb8 15. Bf4 Rb7 16. Ra2 Nxb5 17. axb5 Bxb5 18. Nxb5 Qxb5 19. Qxb5 Rxb5 20. Rc1 h6 21. Bf1 Rb7 22. Bd2 Ne4 23. Rxa5 Rxa5 24. Bxa5 Rxb2 25. Be1 Bb4 26. f3 Bxe1 27. fxe4 Bd2 28. Rc8+ Kh7 29. exd5 exd5 30. Kf2 Rb3 31. Re8 Rb6 32. Bg2 Re6 33. Rxe6 fxe6 34. Bh3 Bc3 35. Bxe6 Bxd4+ 36. Kf3 Kg6 37. Bxd5 Kf6 1/2-1/2

[Event "Titled Tuesday intern op 22nd Aug Early"]
[Site "Chess.com INT"]
[Date "2023.08.22"]
[Round "2"]
[White "Li, Xueyi"]
[Black "Shuvalov, Evgenij"]
[Result "1-0"]
[WhiteElo "2277"]
[BlackElo "2073"]
[PlyCount "115"]
[EventDate "2023.08.22"]
[EventType "swiss (blitz)"]
[EventRounds "11"]
[EventCountry "USA"]
[SourceTitle "EXT 2024"]
[Source "ChessBase"]
[SourceDate "2023.10.10"]
[SourceVersion "1"]
[SourceVersionDate "2023.10.10"]
[SourceQuality "1"]

1. d4 Nf6 2. c4 g6 3. g3 c6 4. Bg2 d5 5. Nf3 Bg7 6. 0-0 0-0 7. Ne5 Ng4 8. Nf3 Nf6 9. a4 Bf5 10. a5 Na6 11. Ne5 Ng4 12. cxd5 cxd5 13. Nxg4 Bxg4 14. Nc3 Be6 15. Bf4 Qd7 16. Qd2 Rfc8 17. Bh6 Bxh6 18. Qxh6 Nb4 19. h4 Rc4 20. Rad1 Nc6 21. h5 Nxd4 22. hxg6 hxg6 23. e4 dxe4 24. Nxe4 Nf5 25. Rxd7 Nxh6 26. Rxb7 Kf8 27. Ng5 Bc8 28. Rxe7 Kxe7 29. Bxa8 Rb4 30. Re1+ Kf6 31. Ne4+ Kg7 32. Nd6 Ba6 33. Ne8+ Kf8 34. Nc7 Bc4 35. Re8+ Kg7 36. Bd5 Bxd5 37. Nxd5 Rxb2 38. Ne3 Ra2 39. Nc4 Ra4 40. Rc8 Ng4 41. Rc7 Kf8 42. Nd6 Rxa5 43. Rxf7+ Kg8 44. Rf4 Ne5 45. Ne8 Ra1+ 46. Kg2 a5 47. Nf6+ Kg7 48. Ne8+ Kg8 49. Re4 Nd3 50. Rd4 Ne1+ 51. Kh3 a4 52. g4 a3 53. Nf6+ Kf7 54. g5 a2 55. Ra4 Nd3 56. Ra7+ Ke6 57. Kg2 Nb4 58. Ra6+ 1-0

[Event "Budapest FS08 IM"]
[Site "Budapest"]
[Date "2023.08.11"]
[Round "6"]
[White "Li, Xueyi"]
[Black "Pham, Tran Gia Phuc"]
[Result "1/2-1/2"]
[WhiteElo "2277"]
[BlackElo "2314"]
[PlyCount "175"]
[EventDate "2023.08.05"]
[EventType "tourn"]
[EventRounds "9"]
[EventCountry "HUN"]
[EventCategory "2"]
[SourceTitle "CBM 215 Extra"]
[Source "ChessBase"]
[SourceDate "2023.09.30"]
[SourceVersion "1"]
[SourceVersionDate "2023.09.30"]
[SourceQuality "1"]

1. d4 Nf6 2. c4 e6 3. Nf3 d5 4. g3 dxc4 5. Bg2 c6 6. Ne5 Bb4+ 7. Bd2 Be7 8. Bc3 Nd5 9. Nxc4 Nd7 10. 0-0 a5 11. Bd2 b5 12. Ne3 Bb7 13. Nc3 Qb6 14. Nexd5 cxd5 15. e4 b4 16. Na4 Qb5 17. e5 Bc6 18. b3 Qd3 19. Be3 Qxd1 20. Rfxd1 0-0-0 21. a3 Kb7 22. axb4 axb4 23. Nc5+ Nxc5 24. dxc5 Ra8 25. Rac1 Ra3 26. Rd4 Rxb3 27. Bd2 Ra8 28. Rxb4+ Rxb4 29. Bxb4 Ra4 30. Rb1 Kc7 31. Bf3 d4 32. Bd1 Ra2 33. Bb3 Re2 34. Bc4 Rxe5 35. f4 Re3 36. Ra1 Bb7 37. Ra7 Kb8 38. Ra3 Rxa3 39. Bxa3 Bd5 40. Bd3 Kc7 41. Bxh7 Kc6 42. Kf2 Bxc5 43. Bxc5 Kxc5 44. Ke2 f6 45. g4 e5 46. fxe5 fxe5 47. h4 e4 48. g5 d3+ 49. Ke3 Kc4 50. Bf5 Kc3 51. h5 d2 52. Bg4 Kc2 53. h6 gxh6 54. gxh6 Be6 55. h7 Bxg4 56. h8Q d1Q 57. Qh2+ Kb3 58. Qb8+ Kc4 59. Qc7+ Kd5 60. Qd8+ Ke5 61. Qh8+ Kf5 62. Qf8+ Kg5 63. Qe7+ Kh6 64. Qf6+ Kh5 65. Qh8+ Kg5 66. Qg7+ Kh4 67. Qh6+ Kg3 68. Qf4+ Kh3 69. Qxe4 Qc1+ 70. Kd4 Qb2+ 71. Kc5 Qc3+ 72. Qc4 Qe5+ 73. Qd5 Qe3+ 74. Qd4 Qa3+ 75. Qb4 Qa7+ 76. Qb6 Qg7 77. Qb3+ Kh4 78. Qd5 Qa7+ 79. Kb4 Qb6+ 80. Qb5 Qf6 81. Qc4 Kh5 82. Qd5+ Kh6 83. Qh1+ Bh5 84. Qc1+ Kh7 85. Qc2+ Bg6 86. Qc7+ Bf7 87. Qc2+ Kg7 88. Qc3 1/2-1/2

[Event "Budapest Vezerkepzo IM 07"]
[Site "Budapest"]
[Date "2023.07.27"]
[Round "5"]
[White "Li, Xueyi"]
[Black "Laddha, Yash Jayesh"]
[Result "1-0"]
[WhiteElo "2248"]
[BlackElo "2076"]
[PlyCount "145"]
[EventDate "2023.07.24"]
[EventType "tourn"]
[EventRounds "9"]
[EventCountry "HUN"]
[SourceTitle "EXT 2024"]
[Source "ChessBase"]
[SourceDate "2023.10.10"]
[SourceVersion "1"]
[SourceVersionDate "2023.10.10"]
[SourceQuality "1"]

1. d4 d5 2. c4 c6 3. Nf3 Nf6 4. Nc3 e6 5. g3 dxc4 6. Bg2 b5 7. 0-0 Bb7 8. a3 Be7 9. e4 Nbd7 10. h4 h6 11. Nh2 Qb6 12. Be3 0-0-0 13. b3 cxb3 14. Qxb3 Kb8 15. a4 a6 16. Bf4+ e5 17. dxe5 Nh5 18. Be3 Bc5 19. Bxc5 Nxc5 20. Qxf7 Nxg3 21. a5 Qa7 22. Rfd1 Rdf8 23. Qg6 Rxf2 24. Ng4 Rc2 25. Kh2 Rxc3 26. Qxg7 Rc8 27. e6 Ncxe4 28. Qe5+ Ka8 29. e7 Qb8 30. Qxb8+ Kxb8 31. Rd8 Nd6 32. Rxd6 Nf5 33. Rd7 Rc4 34. Nf6 Rxh4+ 35. Kg1 Nxe7 36. Rxe7 Rc7 37. Rae1 Bc8 38. Rxc7 Kxc7 39. Re7+ Kd6 40. Rg7 b4 41. Ne4+ Ke5 42. Nd2 Rg4 43. Rc7 Be6 44. Kf2 Bd5 45. Bxd5 Kxd5 46. Ra7 Rh4 47. Rxa6 Rh2+ 48. Ke3 Rh3+ 49. Nf3 c5 50. Ra8 Kc6 51. Rb8 Rh1 52. Ne5+ Kd5 53. Nd3 Rh3+ 54. Ke2 Rh2+ 55. Nf2 Rg2 56. a6 Rg7 57. Rb7 Rg6 58. Ra7 Kc6 59. Ra8 Kb6 60. Ne4 Kb5 61. a7 Kb6 62. Nxc5 Rg7 63. Rb8+ Kxa7 64. Rxb4 Rf7 65. Kd3 Rf3+ 66. Ke4 Rc3 67. Kd5 Rg3 68. Rb7+ Ka8 69. Rh7 Rg6 70. Nd7 h5 71. Ne5 Rf6 72. Nc6 Rf5+ 73. Ke6 1-0

[Event "Budapest Vezerkepzo IM 07"]
[Site "Budapest"]
[Date "2023.07.26"]
[Round "4"]
[White "Giang, Tran Nam"]
[Black "Li, Xueyi"]
[Result "0-1"]
[WhiteElo "2294"]
[BlackElo "2248"]
[PlyCount "108"]
[EventDate "2023.07.24"]
[EventType "tourn"]
[EventRounds "9"]
[EventCountry "HUN"]
[SourceTitle "EXT 2024"]
[Source "ChessBase"]
[SourceDate "2023.10.10"]
[SourceVersion "1"]
[SourceVersionDate "2023.10.10"]
[SourceQuality "1"]

1. e4 c6 2. Nf3 d5 3. Nc3 Bg4 4. h3 Bxf3 5. Qxf3 e6 6. d3 Nf6 7. Bd2 Nbd7 8. g4 h6 9. 0-0-0 Bb4 10. h4 d4 11. Nb1 Bxd2+ 12. Nxd2 Qa5 13. Kb1 0-0-0 14. Nc4 Qc7 15. g5 hxg5 16. hxg5 Rxh1 17. Qxh1 Ng4 18. Qh4 Nge5 19. Nxe5 Nxe5 20. Be2 Ng6 21. Qg4 Rh8 22. Qg1 Qf4 23. a4 Rh2 24. Rf1 Nh4 25. Qg4 Ng6 26. Qxf4 Nxf4 27. Bg4 Kd8 28. Ka2 Rg2 29. Bf3 Rxg5 30. Rh1 Ng6 31. Kb3 Ke7 32. Rh2 Rg1 33. c3 Ne5 34. Be2 Re1 35. f4 Ng6 36. f5 Nf4 37. Bg4 Nxd3 38. cxd4 Rxe4 39. Bd1 exf5 40. Kc4 Ne5+ 41. Kc3 Re3+ 42. Kc2 Nf3 43. Rh8 Nxd4+ 44. Kd2 f4 45. Rb8 Nb3+ 46. Kc2 Nc5 47. b4 Nxa4 48. Rxb7+ Kf6 49. Rxa7 Nc3 50. Bg4 Nd5 51. Kd2 Rg3 52. Bd7 Rg2+ 53. Ke1 f3 54. Bxc6 Re2+ 0-1

[Event "Budapest Vezerkepzo IM 07"]
[Site "Budapest"]
[Date "2023.07.24"]
[Round "1"]
[White "Li, Xueyi"]
[Black "Bhagat, Kush"]
[Result "1-0"]
[WhiteElo "2248"]
[BlackElo "2184"]
[PlyCount "65"]
[EventDate "2023.07.24"]
[EventType "tourn"]
[EventRounds "9"]
[EventCountry "HUN"]
[SourceTitle "EXT 2024"]
[Source "ChessBase"]
[SourceDate "2023.10.10"]
[SourceVersion "1"]
[SourceVersionDate "2023.10.10"]
[SourceQuality "1"]

1. d4 Nf6 2. c4 g6 3. g3 Bg7 4. Bg2 0-0 5. Nc3 d6 6. Nf3 Nc6 7. 0-0 Bg4 8. h3 Bxf3 9. Bxf3 Nd7 10. Be3 e5 11. d5 Ne7 12. Bg2 f5 13. f4 h5 14. Rc1 Nc8 15. Bf2 h4 16. gxh4 exf4 17. Nb5 a5 18. e3 Nc5 19. exf4 Ne4 20. Bxe4 fxe4 21. Qg4 Ne7 22. Rce1 c6 23. Nd4 Bxd4 24. Bxd4 cxd5 25. cxd5 Qc8 26. Qg5 Qxh3 27. Re3 Qd7 28. Rxe4 Rf7 29. Re6 Qa4 30. Bc3 Kf8 31. Qh6+ Ke8 32. Qh8+ Rf8 33. Rxe7+ 1-0

[Event "Belgrade Serbia op"]
[Site "Belgrade"]
[Date "2023.07.23"]
[Round "8"]
[White "Djordjevic, Vuk D"]
[Black "Li, Xueyi"]
[Result "1/2-1/2"]
[WhiteElo "2385"]
[BlackElo "2248"]
[PlyCount "235"]
[EventDate "2023.07.16"]
[EventType "swiss"]
[EventRounds "9"]
[EventCountry "SRB"]
[SourceTitle "CBM 215 Extra"]
[Source "ChessBase"]
[SourceDate "2023.09.30"]
[SourceVersion "1"]
[SourceVersionDate "2023.09.30"]
[SourceQuality "1"]

1. d4 d5 2. Nf3 Nf6 3. c4 c6 4. e3 Bf5 5. Nc3 e6 6. Nh4 Be4 7. f3 Bg6 8. Qb3 Qc7 9. Nxg6 hxg6 10. Bd2 Be7 11. 0-0-0 dxc4 12. Bxc4 b5 13. Bd3 a6 14. g4 c5 15. Qc2 cxd4 16. exd4 Nc6 17. Ne2 Rc8 18. Kb1 Nd5 19. h3 Ndb4 20. Bxb4 Nxb4 21. Qb3 Nxd3 22. Rxd3 0-0 23. Rc3 Qd7 24. Rhc1 Bf6 25. Rxc8 Rxc8 26. Rxc8+ Qxc8 27. Qe3 g5 28. b3 Qb8 29. Qf2 Qd6 30. Kc2 Qb4 31. Qe3 Qe1 32. Qe4 g6 33. a4 Kg7 34. axb5 axb5 35. Kd3 Qb1+ 36. Kc3 Qa1+ 37. Kb4 Qa6 38. Qd3 Be7+ 39. Kc3 Bf6 40. Kd2 Qc6 41. Nc3 b4 42. Ne4 Be7 43. Qc4 Qb7 44. Ke3 Qb8 45. Qe2 Qf4+ 46. Kd3 Qc1 47. Qf2 Qb1+ 48. Kc4 Qc1+ 49. Kb5 Qd1 50. Nc5 Bf6 51. Kc4 Qa1 52. Qe3 Qb2 53. Ne4 Be7 54. Nc5 Bf6 55. Qd3 Qa1 56. Qd2 Qf1+ 57. Qd3 Qa1 58. Kxb4 Bxd4 59. Kb5 e5 60. b4 Qa7 61. Qe4 Qb8+ 62. Qb7 Qe8+ 63. Kc4 Kh6 64. b5 Bg1 65. b6 Qd8 66. Qc7 Qd4+ 67. Kb5 Qb2+ 68. Kc6 Qc3 69. Kb5 Qb2+ 70. Kc6 Qc3 71. Qd6 Qxf3+ 72. Qd5 Qf6+ 73. Qd6 Qf3+ 74. Kd7 Kh7 75. Qxe5 Qd1+ 76. Kc6 Qf3+ 77. Qd5 Qf6+ 78. Kb5 Qb2+ 79. Nb3 Qe2+ 80. Ka5 Qa2+ 81. Kb5 Qe2+ 82. Kc6 Qe8+ 83. Kb7 Qe7+ 84. Ka6 Qe2+ 85. Qb5 Qa2+ 86. Na5 Qf2 87. Nc4 Qa2+ 88. Kb7 Qg2+ 89. Qc6 Qxh3 90. Ne5 Kg7 91. Qc4 Qg2+ 92. Kc7 Bxb6+ 93. Kd6 Qf2 94. Kc6 Qf6+ 95. Kd5 Qe6+ 96. Ke4 Qxc4+ 97. Nxc4 Bc7 98. Ne3 f6 99. Nc2 Kf7 100. Nd4 Be5 101. Nb3 Bb8 102. Nd4 Ba7 103. Nb5 Bb6 104. Nc3 Ke6 105. Ne2 f5+ 106. Kf3 Ke5 107. Nc3 Ba5 108. Nd1 Bd2 109. Ke2 Kf4 110. gxf5 gxf5 111. Kxd2 Kf3 112. Ke1 g4 113. Kf1 f4 114. Nf2 g3 115. Nh3 g2+ 116. Kg1 Kg3 117. Nxf4 Kxf4 118. Kxg2 1/2-1/2

[Event "Belgrade Serbia op"]
[Site "Belgrade"]
[Date "2023.07.22"]
[Round "7"]
[White "Li, Xueyi"]
[Black "Tolstykh, Viktor"]
[Result "1/2-1/2"]
[WhiteElo "2248"]
[BlackElo "1845"]
[PlyCount "65"]
[EventDate "2023.07.16"]
[EventType "swiss"]
[EventRounds "9"]
[EventCountry "SRB"]
[SourceTitle "CBM 215 Extra"]
[Source "ChessBase"]
[SourceDate "2023.09.30"]
[SourceVersion "1"]
[SourceVersionDate "2023.09.30"]
[SourceQuality "1"]

1. d4 Nf6 2. c4 e6 3. g3 d5 4. Bg2 Bb4+ 5. Bd2 Be7 6. Nf3 0-0 7. 0-0 Nbd7 8. Qc2 c6 9. Nc3 dxc4 10. a4 b6 11. e4 Bb7 12. e5 Nd5 13. Ne4 h6 14. Qxc4 c5 15. dxc5 Nxc5 16. Nxc5 Bxc5 17. Qg4 Kh8 18. Qh5 Qe7 19. a5 Bc6 20. axb6 Bxb6 21. Rfc1 Bb5 22. Bg5 Qd7 23. Bxh6 gxh6 24. Qxh6+ Kg8 25. Qg5+ Kh8 26. Ra4 Bxa4 27. Qh4+ Kg8 28. Qg4+ Kh8 29. Qh5+ Kg8 30. Qg5+ Kh8 31. Rc4 Bc2 32. Rh4+ Bh7 33. Rxh7+ 1/2-1/2

[Event "Belgrade Serbia op"]
[Site "Belgrade"]
[Date "2023.07.16"]
[Round "1"]
[White "Wen, Tommy"]
[Black "Li, Xueyi"]
[Result "0-1"]
[WhiteElo "2406"]
[BlackElo "2248"]
[PlyCount "90"]
[EventDate "2023.07.16"]
[EventType "swiss"]
[EventRounds "9"]
[EventCountry "SRB"]
[SourceTitle "CBM 215 Extra"]
[Source "ChessBase"]
[SourceDate "2023.09.30"]
[SourceVersion "1"]
[SourceVersionDate "2023.09.30"]
[SourceQuality "1"]

1. e4 c6 2. d4 d5 3. e5 Bf5 4. h4 h5 5. Bd3 Bxd3 6. Qxd3 e6 7. Bg5 Be7 8. Nf3 Nh6 9. Bxh6 Rxh6 10. Nbd2 Nd7 11. Nb3 Rg6 12. g3 Qc7 13. 0-0 Nf8 14. Nc1 Qd8 15. Ne2 Rh6 16. Qe3 Nh7 17. Kg2 Qc7 18. c4 dxc4 19. Rfc1 Qd8 20. Nc3 Rg6 21. Kh2 Rg4 22. Ne4 g5 23. hxg5 Nxg5 24. Nfxg5 Bxg5 25. f4 Be7 26. Rxc4 Qd5 27. Rc5 Qd7 28. Nf6+ Bxf6 29. exf6 h4 30. gxh4 0-0-0 31. h5 Rdg8 32. Rg5 R8xg5 33. fxg5 Qd5 34. Rg1 Rh4+ 35. Kg3 Rxd4 36. Kf2 Qf5+ 37. Kg2 Rg4+ 38. Kh2 Rh4+ 39. Kg2 Rxh5 40. g6 Qxg6+ 41. Kf1 Qxf6+ 42. Kg2 Rg5+ 43. Kh2 Qh6+ 44. Qh3 Qxh3+ 45. Kxh3 Rxg1 0-1

[Event "CHN-chT DivA"]
[Site "Fuling"]
[Date "2023.06.16"]
[Round "10.5"]
[White "Zhang, Xiaowen"]
[Black "Li, Xueyi"]
[Result "1/2-1/2"]
[WhiteElo "2266"]
[BlackElo "2291"]
[PlyCount "65"]
[EventDate "2023.06.05"]
[EventType "team-tourn"]
[EventRounds "11"]
[EventCountry "CHN"]
[SourceTitle "CBM 214 Extra"]
[Source "ChessBase"]
[SourceDate "2023.07.31"]
[SourceVersion "1"]
[SourceVersionDate "2023.07.31"]
[SourceQuality "1"]
[WhiteTeam "Tianjin"]
[BlackTeam "Shenzhen Pengcheng"]
[WhiteTeamCountry "CHN"]
[BlackTeamCountry "CHN"]

1. e4 c6 2. d4 d5 3. Nd2 dxe4 4. Nxe4 Nf6 5. Nxf6+ exf6 6. c3 Bd6 7. Bd3 0-0 8. Qc2 Re8+ 9. Ne2 h5 10. 0-0 h4 11. h3 Nd7 12. Bd2 Nf8 13. Rae1 Bc7 14. f4 g6 15. f5 g5 16. Qd1 Qd6 17. Nf4 Bd7 18. Qg4 Nh7 19. Bc4 b5 20. Bb3 c5 21. Nh5 Qh2+ 22. Kf2 c4 23. Bc2 Bc6 24. Be4 Bg3+ 25. Nxg3 Qxg3+ 26. Qxg3 hxg3+ 27. Kf3 Rxe4 28. Rxe4 Re8 29. Rfe1 g4+ 30. hxg4 Ng5+ 31. Bxg5 fxg5 32. R1e2 Bd5 33. Re1 1/2-1/2

[Event "CHN-chT DivA"]
[Site "Fuling"]
[Date "2023.06.15"]
[Round "9.3"]
[White "Li, Xueyi"]
[Black "Huang, Qian"]
[Result "1/2-1/2"]
[WhiteElo "2291"]
[BlackElo "2431"]
[PlyCount "197"]
[EventDate "2023.06.05"]
[EventType "team-tourn"]
[EventRounds "11"]
[EventCountry "CHN"]
[SourceTitle "CBM 214 Extra"]
[Source "ChessBase"]
[SourceDate "2023.07.31"]
[SourceVersion "1"]
[SourceVersionDate "2023.07.31"]
[SourceQuality "1"]
[WhiteTeam "Shenzhen Pengcheng"]
[BlackTeam "Chongqing Sports Lottery"]
[WhiteTeamCountry "CHN"]
[BlackTeamCountry "CHN"]

1. d4 d6 2. g3 e5 3. Bg2 exd4 4. Qxd4 Nc6 5. Qd1 g6 6. Bd2 Bg7 7. Bc3 Nf6 8. Nf3 0-0 9. 0-0 Re8 10. Nbd2 Bf5 11. Nd4 Nxd4 12. Bxd4 d5 13. c4 dxc4 14. Nxc4 Be4 15. f3 Bc2 16. Qxc2 Qxd4+ 17. Kh1 b5 18. Na3 Qb4 19. e4 Rad8 20. Qb3 Qxb3 21. axb3 a6 22. Nc2 Rd2 23. Nb4 Rxb2 24. Nxa6 Rd8 25. Rfd1 Rxd1+ 26. Rxd1 c6 27. Nb4 Rxb3 28. Nxc6 Rc3 29. Nb4 Bf8 30. e5 Ne4 31. fxe4 Bxb4 32. Bf1 Re3 33. Bxb5 Rxe4 34. Rd7 Rxe5 35. Bc4 Be7 36. Kg2 Kf8 37. Rb7 h5 38. Rb8+ Kg7 39. Rb7 Re3 40. Rb3 Re4 41. Rb7 f5 42. Bd3 Re3 43. Bc4 h4 44. gxh4 Kh6 45. Rb6 Re4 46. Bd3 Rf4 47. Rc6 Bxh4 48. Rc4 Rf2+ 49. Kg1 f4 50. Rc6 Rb2 51. Bxg6 Kg5 52. Be4 Bf2+ 53. Kg2 Bc5+ 54. Kh3 Rb3+ 55. Kg2 Bd4 56. Rc4 Be3 57. Rc8 Bd4 58. Rc4 Rb2+ 59. Rc2 Rb4 60. Rc6 Be5 61. Bc2 Rd4 62. Kf3 Rd2 63. Rg6+ Kh5 64. Rg2 Rd8 65. Bg6+ Kh6 66. Be4 Rb8 67. Rd2 Kg5 68. Rd5 Kf6 69. Rc5 Rh8 70. Rc6+ Ke7 71. Rc2 Bd6 72. Ra2 Ke6 73. Re2 Kf6 74. Bd5 Be5 75. Ra2 Bb8 76. Be4 Rh3+ 77. Kg4 Re3 78. Bf3 Re8 79. Ra6+ Ke5 80. Ra5+ Kd4 81. Ra4+ Ke3 82. Ra3+ Kd2 83. Ra2+ Kc3 84. Ra3+ Kb4 85. Ra2 Rg8+ 86. Kf5 Kc3 87. Ra3+ Kd4 88. Ra4+ Ke3 89. Ra3+ Kf2 90. Bc6 Bd6 91. Ra8 Rg1 92. Rd8 Bc7 93. Rd3 Rc1 94. Be4 Ke2 95. Rb3 Rc5+ 96. Kg4 Be5 97. Bf3+ Kf2 98. Be4 Rc8 99. Kf5 1/2-1/2

[Event "CHN-chT DivA"]
[Site "Fuling"]
[Date "2023.06.10"]
[Round "5.5"]
[White "Li, Xueyi"]
[Black "Li, Yunshan"]
[Result "0-1"]
[WhiteElo "2291"]
[BlackElo "2283"]
[PlyCount "96"]
[EventDate "2023.06.05"]
[EventType "team-tourn"]
[EventRounds "11"]
[EventCountry "CHN"]
[SourceTitle "CBM 214 Extra"]
[Source "ChessBase"]
[SourceDate "2023.07.31"]
[SourceVersion "1"]
[SourceVersionDate "2023.07.31"]
[SourceQuality "1"]
[WhiteTeam "Shenzhen Pengcheng"]
[BlackTeam "Beijing"]
[WhiteTeamCountry "CHN"]
[BlackTeamCountry "CHN"]

1. d4 d5 2. Nf3 Nf6 3. c4 dxc4 4. g3 c5 5. Bg2 Nc6 6. Na3 cxd4 7. 0-0 e5 8. Nxc4 e4 9. Nfe5 Nxe5 10. Nxe5 Qd5 11. Nd3 Be7 12. Nb4 Bxb4 13. Qa4+ b5 14. Qxb4 a5 15. Qb3 Qc5 16. Bf4 a4 17. Qd1 0-0 18. Rc1 Qd5 19. a3 Bb7 20. Rc7 Rac8 21. Rxb7 Qxb7 22. Qxd4 Rfd8 23. Qe3 Qd5 24. Qb6 Qc5 25. Qa5 Ra8 26. Qe1 h6 27. Bd2 Qc4 28. e3 Rd5 29. Bc3 Rad8 30. Bd4 Rxd4 31. exd4 Rxd4 32. Qa5 Qb3 33. Qc7 Qc4 34. Qa5 Qd5 35. h3 Rd2 36. Qb4 Rc2 37. h4 Qe5 38. Qa5 Rxb2 39. Qd8+ Kh7 40. Re1 Qc5 41. Rf1 Qxa3 42. Qc8 Qd6 43. Qf5+ g6 44. Qc8 a3 45. Qc1 Qd4 46. Qf4 a2 47. h5 g5 48. Bxe4+ Kg7 0-1